Строительная механика. Специальный курс. (Динамика и устойчивость сооружений): учебник

Библиографические подробности
Главный автор: Киселев В. А. Василий Александрович
Язык:русский
Опубликовано: Москва, Стройиздат, 1964
Предметы:
Формат: MixedMaterials Книга
Запись в KOHA:https://koha.lib.tpu.ru/cgi-bin/koha/opac-detail.pl?biblionumber=96590

MARC

LEADER 00000nam0a2200000 4500
001 96590
005 20231031110617.0
035 |a (RuTPU)RU\TPU\book\103419 
090 |a 96590 
100 |a 20060516d1964 m y0rusy50 ca 
101 0 |a rus 
102 |a RU 
105 |a a j 001zy 
200 1 |a Строительная механика. Специальный курс. (Динамика и устойчивость сооружений)  |e учебник  |f В. А. Киселев 
210 |a Москва  |c Стройиздат  |d 1964 
215 |a 332 с.  |c ил. 
320 |a Библиогр.: с. 324-325. 
610 1 |a строительная механика 
610 1 |a сооружения 
610 1 |a динамика 
610 1 |a устойчивость 
610 1 |a балки 
610 1 |a рамы 
610 1 |a арки 
610 1 |a сейсмостойкость 
610 1 |a фермы 
675 |a 624.04(075.8)  |v 3 
700 1 |a Киселев  |b В. А.  |g Василий Александрович 
801 1 |a RU  |b 63413507  |c 20060516  |g PSBO 
801 2 |a RU  |b 63413507  |c 20070306  |g PSBO 
942 |c BK